UBT Library

Metal sculpture; new forms, new techniques. (Record no. 41545)

000 -LEADER
fixed length control field 00464cam a22001931 4500
001 - CONTROL NUMBER
control field 2638175
005 - DATE AND TIME OF LATEST TRANSACTION
control field 20180201084103.0
008 - FIXED-LENGTH DATA ELEMENTS--GENERAL INFORMATION
fixed length control field 730522s1957 nyua 000 0 eng
010 ## - LIBRARY OF CONGRESS CONTROL NUMBER
LC control number 57006177
040 ## - CATALOGING SOURCE
Original cataloging agency DLC
Transcribing agency DLC
Modifying agency DLC
041 ## - LANGUAGE CODE
Language code of text/sound track or separate title eng
080 ## - UNIVERSAL DECIMAL CLASSIFICATION NUMBER
Universal Decimal Classification number 739 LYN
082 00 - DEWEY DECIMAL CLASSIFICATION NUMBER
Classification number 739 LYN
100 1# - Rafti
Rafti 44
101 ## - Shkurtesa
Shkurtesa ART
245 00 - TITLE STATEMENT
Title Metal sculpture; new forms, new techniques.
906 ## - LOCAL DATA ELEMENT F, LDF (RLIN)
a 7
b cbc
c orignew
d u
e ocip
f 19
g y-gencatlg
942 ## - ADDED ENTRY ELEMENTS (KOHA)
Source of classification or shelving scheme
Item type Books
Holdings
Withdrawn status Lost status Source of classification or shelving scheme Damaged status Not for loan Collection code Permanent location Current location Shelving location Date acquired Total Checkouts Full call number Barcode Date last seen Price effective from Koha item type
          Koleksioni i përgjithshem UBT - Lipjan UBT - Lipjan Koleksioni i përgjithshem 02/01/2018   739 LYN 002-2997681 02/01/2018 02/01/2018 Books
UBT Library © 2015-2024. All rights reserved University Education for Business and Technology